Liedtext - Unter deiner Flagge - Unheilig - Statistiken

Allgemein
  • Dieses Quiz wurde 54 mal gespielt
  • Das Durchschnittsergebnis liegt bei 157 aus 228
Antwortstatistiken
Textquiz % Korrekt
dein
97%
Deine
97%
Flagge
97%
Unter
97%
deiner
95%
Ich
92%
ich
92%
du
87%
dir
85%
der
82%
mir
82%
dich
79%
Dich
79%
und
79%
Und
79%
zu
79%
bin
77%
das
77%
die
77%
ist
74%
Liebe
74%
liebe
74%
war
72%
wär
72%
Komm
69%
so
69%
von
69%
bist
67%
es
67%
geh
67%
ein
64%
Erzähl
64%
mich
64%
nicht
64%
Was
64%
was
64%
Wind
64%
Erzähle
62%
Ohne
62%
setz
62%
deinen
59%
Deinen
59%
hab
59%
mein
59%
Wie
59%
auf
56%
in
54%
mit
54%
Namen
54%
oft
54%
Sag
54%
trägt
54%
bei
51%
noch
51%
sehen
51%
wäre
49%
fragen
46%
gehen
46%
mehr
46%
Glück
44%
Immer
44%
Jahre
44%
jedem
44%
Ort
44%
sagen
44%
Schild
44%
Trägst
44%
Vergangenen
44%
vieles
44%
Wort
44%
daran
41%
gedacht
41%
kleines
41%
nach
41%
stolz
41%
Stück
41%
Traum
41%
einmal
38%
gern
38%
gewünscht
38%
stehen
38%
vom
38%
Zukunft
38%
Augenblick
36%
kämpfen
36%
schönster
36%
Löwe
31%
nimmst
31%
Kraft
28%
vorne
28%
Woher
28%
Keine übereinstimmenden Quizze gefunden
Verteilung der Resultate
Anzahl Personen mit jedem Resultat
Perzentil nach korrekt beantworteten Fragen
Ihre Resultats-Entwicklung
Sie haben dieses Quiz noch nicht gespielt